Broadcast Journalism/ (Record no. 187978)

MARC details
000 -LEADER
fixed length control field 00540nam a22001817a 4500
005 - DATE AND TIME OF LATEST TRANSACTION
control field 20220506121804.0
010 ## - LCCN (DPL NO)
LC control number ENG-132540
020 ## - INTERNATIONAL STANDARD BOOK NUMBER
International Standard Book Number 9789381854037
Terms of availability 495.00
035 ## - SYSTEM CONTROL NUMBER
System control number EN-116072
037 ## - SOURCE OF ACQUISITION
Source of stock number/acquisition DBAD/PUB
082 ## - DEWEY DECIMAL CLASSIFICATION NUMBER
Classification number 070.190941
100 ## - MAIN ENTRY--PERSONAL NAME
Personal name Kumar, Dibyanshu
245 ## - TITLE STATEMENT
Title Broadcast Journalism/
Statement of responsibility, etc Dibyanshu Kumar
260 ## - PUBLICATION, DISTRIBUTION, ETC. (IMPRINT)
Place of publication, distribution, etc Delhi
Name of publisher, distributor, etc Acient Publication
Date of publication, distribution, etc 2011
270 ## - ADDRESS
Address N-66-67, 2nd Floor, Naveen Shahadara
City Delhi
Postal code 110032
300 ## - PHYSICAL DESCRIPTION
Extent vii, 238p.
Other physical details Index
Dimensions 22cm(hbk)
942 ## - ADDED ENTRY ELEMENTS (KOHA)
Source of classification or shelving scheme Dewey Decimal Classification
Item type English Books
Classification part 070.190941
Call number suffix DIB
Holdings
Withdrawn status Lost status Not for loan Collection code Home library Current library Date acquired Source of acquisition Cost, normal purchase price Full call number Barcode Copy number Cost, replacement price Koha item type
      Non-fiction Patel Nagar Patel Nagar 06/05/2022 DBAD/PUB 495.00 070.190941 DIB EN-116072 1 495.00 English Books

© Delhi Public Library
Hit Counter
free hit counter